[Event "Lutsk Nebesna Sotnya Memorial"]
[Site "Lutsk"]
[Date "2014.07.27"]
[Round "10"]
[White "Razin, Vadim"]
[Black "Mazurchak, Bogdan"]
[Result "1-0"]
[WhiteElo "2309"]
[BlackElo "2245"]
[PlyCount "105"]
[EventDate "2014.07.26"]
[EventType "swiss"]
[EventRounds "11"]
[EventCountry "UKR"]
[SourceTitle "CBM 161 Extra"]
[Source "ChessBase"]
[SourceDate "2014.08.29"]
[SourceVersion "1"]
[SourceVersionDate "2014.08.29"]
[SourceQuality "1"]

1. d4 Nf6 2. Nf3 g6 3. Bg5 Bg7 4. Nbd2 d5 5. e3 Nbd7 6. c4 dxc4 7. Bxc4 0-0 8. Rc1 e6 9. Bb3 h6 10. Bh4 b6 11. Ne5 Bb7 12. 0-0 c5 13. Ba4 g5 14. Bg3 Nxe5 15. dxe5 Qd5 16. f3 Nh5 17. Bb3 Qd7 18. Nc4 Rad8 19. Qxd7 Rxd7 20. Rfd1 Rxd1+ 21. Rxd1 Nxg3 22. hxg3 Bd5 23. f4 f6 24. e4 Bxc4 25. Bxc4 gxf4 26. gxf4 fxe5 27. Bxe6+ Kh8 28. f5 Bf6 29. Rd7 Rd8 30. Rxa7 Rd2 31. Rf7 Bg5 32. f6 Rd8 33. Bf5 Kg8 34. Be6 Kh8 35. Bd5 h5 36. Kf2 b5 37. Ke2 c4 38. Kd1 Rc8 39. Kc2 b4 40. Be6 Rd8 41. Bxc4 Rd2+ 42. Kb3 h4 43. Rf8+ Kh7 44. Be6 Be3 45. Bf5+ Kh6 46. Rh8+ Kg5 47. f7 Bc5 48. f8Q Bxf8 49. Rxf8 Kf4 50. Rg8 Ke3 51. Rg4 Kd4 52. Rxh4 Rxg2 53. Rh7 1-0

[Event "UKR-POL U26"]
[Site "Lvov"]
[Date "2013.09.28"]
[Round "5"]
[White "Mazurchak, Bogdan"]
[Black "Barski, Radoslaw"]
[Result "1-0"]
[WhiteElo "2209"]
[BlackElo "2278"]
[PlyCount "79"]
[EventDate "2013.09.26"]
[EventType "team-swiss"]
[EventRounds "5"]
[EventCountry "UKR"]
[SourceTitle "CBM 156 Extra"]
[Source "ChessBase"]
[SourceDate "2013.10.22"]
[SourceVersion "1"]
[SourceVersionDate "2013.10.22"]
[SourceQuality "1"]
[WhiteTeam "Ternopol Economic Univ"]
[BlackTeam "Katowice Economic Univ"]
[WhiteTeamCountry "UKR"]
[BlackTeamCountry "POL"]

1. e4 c5 2. c3 Nf6 3. e5 Nd5 4. d4 cxd4 5. cxd4 e6 6. Nc3 Nxc3 7. bxc3 d6 8. f4 Qc7 9. Bd2 Nc6 10. Nf3 Bd7 11. Bd3 Na5 12. Qe2 d5 13. 0-0 Be7 14. Ng5 g6 15. Rf3 Nc4 16. Rh3 Bxg5 17. fxg5 0-0-0 18. Rf1 Be8 19. Rf4 Kb8 20. Rfh4 Rc8 21. Rxh7 Rxh7 22. Rxh7 Qb6 23. Be1 Nb2 24. Bc2 Na4 25. Rh8 Qb2 26. Bd1 Qa3 27. Rxe8 Rxe8 28. Qb5 Rc8 29. Qxa4 Qc1 30. h4 Qe3+ 31. Kf1 Qf4+ 32. Bf3 Rc6 33. Qc2 Rb6 34. Ke2 Qh2 35. Ke3 Qh1 36. Ke2 Qh2 37. Qc1 a5 38. Bf2 a4 39. Ke3 a3 40. Qe1 1-0

[Event "UKR-POL U26"]
[Site "Lvov"]
[Date "2013.09.28"]
[Round "4"]
[White "Tazbir, Marcin"]
[Black "Mazurchak, Bogdan"]
[Result "1-0"]
[WhiteElo "2552"]
[BlackElo "2209"]
[PlyCount "165"]
[EventDate "2013.09.26"]
[EventType "team-swiss"]
[EventRounds "5"]
[EventCountry "UKR"]
[SourceTitle "CBM 156 Extra"]
[Source "ChessBase"]
[SourceDate "2013.10.22"]
[SourceVersion "1"]
[SourceVersionDate "2013.10.22"]
[SourceQuality "1"]
[WhiteTeam "Warsaw Univ"]
[BlackTeam "Ternopol Economic Univ"]
[WhiteTeamCountry "POL"]
[BlackTeamCountry "UKR"]

1. e4 c5 2. Ne2 e6 3. d4 cxd4 4. Nxd4 a6 5. Bd3 Nf6 6. 0-0 Qc7 7. Be3 b5 8. a4 b4 9. Nd2 Bb7 10. f4 Bc5 11. Qe2 d6 12. N4b3 Bxe3+ 13. Qxe3 Nbd7 14. a5 0-0 15. Ra4 e5 16. Rxb4 d5 17. fxe5 Nxe5 18. Qb6 Qxb6+ 19. axb6 Nxd3 20. cxd3 a5 21. Ra4 Ra6 22. Nc5 Rxb6 23. e5 Bc6 24. exf6 Bxa4 25. fxg7 Rc8 26. Nxa4 Rb4 27. Ra1 Rc2 28. Nf3 d4 29. Ne5 Rb3 30. Nc4 Kxg7 31. Nc5 Rb5 32. Ne4 Rb3 33. Nf2 a4 34. g3 Rb7 35. Rxa4 Re7 36. Ra5 Re1+ 37. Kg2 Re3 38. Nxe3 dxe3 39. Rf5 Rxb2 40. Rf3 exf2 41. Rxf2 Rb1 42. Kf3 Kf6 43. Ke4+ Ke6 44. Ra2 Re1+ 45. Kd4 h5 46. Rf2 Rh1 47. Ke4 Re1+ 48. Kf4 f6 49. d4 Rd1 50. Re2+ Kf7 51. Ke3 Ke6 52. Kf4+ Kf7 53. Ke4 Ke6 54. Ra2 Re1+ 55. Kf3 Rd1 56. Ra6+ Kd5 57. Ke3 Re1+ 58. Kf2 Rd1 59. h4 f5 60. Rf6 Ke4 61. Re6+ Kd3 62. d5 Kd4 63. d6 Kd5 64. Ke2 Rd4 65. Rh6 Ke4 66. Rxh5 Rxd6 67. Rh8 f4 68. Re8+ Kf5 69. Rf8+ Kg4 70. gxf4 Re6+ 71. Kd3 Kxh4 72. Rg8 Kh5 73. Kd4 Kh6 74. f5 Re1 75. f6 Rf1 76. Ke5 Re1+ 77. Kd6 Rd1+ 78. Ke7 Re1+ 79. Kf8 Rf1 80. f7 Kh7 81. Ke7 Re1+ 82. Kd6 Rf1 83. f8Q 1-0

[Event "UKR-ch sf"]
[Site "Alushta"]
[Date "2011.05.11"]
[Round "9"]
[White "Izhnin, A."]
[Black "Mazurchak, Bogdan"]
[Result "1-0"]
[WhiteElo "2353"]
[BlackElo "2224"]
[PlyCount "65"]
[EventDate "2011.05.03"]
[EventType "swiss"]
[EventRounds "9"]
[EventCountry "UKR"]
[SourceTitle "CBM 142 Extra"]
[Source "ChessBase"]
[SourceDate "2011.06.27"]
[SourceVersion "1"]
[SourceVersionDate "2011.06.27"]
[SourceQuality "1"]

1. Nf3 Nf6 2. c4 e6 3. g3 b6 4. Bg2 Bb7 5. 0-0 Be7 6. d4 0-0 7. Nc3 Ne4 8. Qc2 Nxc3 9. Qxc3 f5 10. b3 Bf6 11. Bb2 d6 12. Rad1 Qe7 13. Ne1 Bxg2 14. Nxg2 Nd7 15. Qc2 g6 16. e4 Bg7 17. Rfe1 Qf7 18. exf5 exf5 19. Nf4 Rfe8 20. d5 Bxb2 21. Qxb2 Nf8 22. h4 Re7 23. Rxe7 Qxe7 24. Rd3 Kf7 25. Re3 Qf6 26. Qe2 Rd8 27. h5 Rd7 28. Re6 Qa1+ 29. Kg2 Kg8 30. hxg6 hxg6 31. Nxg6 Nxe6 32. Qxe6+ Rf7 33. Qe8+ 1-0

[Event "UKR-ch"]
[Site "Alushta"]
[Date "2010.05.09"]
[Round "7"]
[White "Nikolaev, Leonid"]
[Black "Mazurchak, Bogdan"]
[Result "1/2-1/2"]
[WhiteElo "2334"]
[BlackElo "2184"]
[PlyCount "71"]
[EventDate "2010.05.03"]
[EventType "swiss"]
[EventRounds "9"]
[EventCountry "UKR"]
[SourceTitle "CBM 136 Extra"]
[Source "ChessBase"]
[SourceDate "2010.07.02"]
[SourceVersion "2"]
[SourceVersionDate "2010.07.15"]
[SourceQuality "1"]

1. Nf3 Nf6 2. c4 e6 3. g3 b6 4. Bg2 Bb7 5. 0-0 Be7 6. Nc3 0-0 7. Re1 d6 8. e4 c5 9. d4 cxd4 10. Nxd4 Qc8 11. Be3 Nc6 12. Rc1 Nxd4 13. Bxd4 Rd8 14. Qe2 Nd7 15. f4 Bf6 16. Bf2 a5 17. Nb5 Nc5 18. b3 Qc6 19. Rcd1 Rd7 20. h4 g6 21. Kh2 Rad8 22. Rd2 Bg7 23. Bh3 Qc8 24. Red1 Bf8 25. Bd4 Be7 26. Qe3 Qa8 27. Nc3 Bc6 28. f5 e5 29. Bxc5 dxc5 30. Rxd7 Rxd7 31. Rxd7 Bxd7 32. Bg2 Qd8 33. fxg6 hxg6 34. Bh3 Bc6 35. Nd5 Bxd5 36. cxd5 1/2-1/2

[Event "UKR-ch"]
[Site "Alushta"]
[Date "2010.05.08"]
[Round "6"]
[White "Mazurchak, Bogdan"]
[Black "Burdalev, Kirill"]
[Result "1/2-1/2"]
[WhiteElo "2184"]
[BlackElo "2285"]
[PlyCount "59"]
[EventDate "2010.05.03"]
[EventType "swiss"]
[EventRounds "9"]
[EventCountry "UKR"]
[SourceTitle "CBM 136 Extra"]
[Source "ChessBase"]
[SourceDate "2010.07.02"]
[SourceVersion "2"]
[SourceVersionDate "2010.07.15"]
[SourceQuality "1"]

1. e4 e6 2. d3 d5 3. Nd2 Nf6 4. Ngf3 b6 5. e5 Nfd7 6. d4 c5 7. c3 Be7 8. Bb5 Ba6 9. a4 Qc8 10. 0-0 cxd4 11. cxd4 Nc6 12. Nb1 h6 13. Nc3 Nb4 14. Be3 0-0 15. Qd2 Bxb5 16. axb5 Kh7 17. Rfc1 Qb7 18. Ne2 a6 19. Ra4 a5 20. Rc3 Rfc8 21. Qc1 Nf8 22. Nf4 Qd7 23. Ra1 Ng6 24. Nh5 Nd3 25. Qb1 Nb4 26. Nf4 Qe8 27. h4 Kg8 28. Nxg6 fxg6 29. Qc1 Nd3 30. Qb1 1/2-1/2

[Event "UKR-ch U20"]
[Site "Ukraine"]
[Date "2010.??.??"]
[Round "6"]
[White "Petrushin, Alexander"]
[Black "Mazurchak, Bogdan"]
[Result "0-1"]
[WhiteElo "1910"]
[BlackElo "2195"]
[PlyCount "72"]
[EventDate "2010.??.??"]
[EventType "swiss"]
[EventRounds "11"]
[EventCountry "UKR"]
[SourceTitle "EXT 2012"]
[Source "ChessBase"]
[SourceDate "2011.11.24"]
[SourceVersion "1"]
[SourceVersionDate "2011.11.24"]
[SourceQuality "1"]

1. e4 c5 2. Nf3 d6 3. d4 cxd4 4. Nxd4 Nf6 5. Nc3 g6 6. Be3 Bg7 7. f3 0-0 8. Qd2 Nc6 9. 0-0-0 d5 10. Qf2 e5 11. Nxc6 bxc6 12. Bc4 d4 13. Bg5 Bd7 14. Nb1 Nxe4 15. fxe4 Qxg5+ 16. Nd2 Qe7 17. Qe2 Bh6 18. h4 Be3 19. g4 h6 20. Kb1 Kg7 21. Qg2 Rab8 22. Bb3 Be6 23. Nc4 Bf4 24. h5 Rb5 25. Rdf1 Rfb8 26. Na3 Rb4 27. Qh3 Qg5 28. Rhg1 c5 29. Ka1 c4 30. c3 dxc3 31. bxc3 cxb3 32. cxb4 Be3 33. axb3 Rxb4 34. Nc2 Rxb3 35. Rg3 Qd8 36. Nb4 Qd4+ 0-1

[Event "UKR-ch U18"]
[Site "Lubin"]
[Date "2009.02.06"]
[Round "1"]
[White "Mazurchak, Bogdan"]
[Black "Omelja, Artem"]
[Result "1/2-1/2"]
[WhiteElo "2156"]
[BlackElo "2187"]
[PlyCount "67"]
[EventDate "2009.02.06"]
[EventType "tourn"]
[EventRounds "9"]
[EventCountry "UKR"]
[SourceTitle "CBM 128 Extra"]
[Source "ChessBase"]
[SourceDate "2009.03.05"]
[SourceVersion "2"]
[SourceVersionDate "2009.03.25"]
[SourceQuality "1"]

1. e4 e6 2. d4 d5 3. Nd2 dxe4 4. Nxe4 Nd7 5. Nf3 Ngf6 6. Bd3 Nxe4 7. Bxe4 Nf6 8. Bd3 c5 9. 0-0 cxd4 10. Nxd4 Bc5 11. c3 0-0 12. Bg5 Bxd4 13. cxd4 Bd7 14. Qf3 Bc6 15. Qh3 h6 16. Be3 Qd5 17. Rac1 Qh5 18. Qxh5 Nxh5 19. Rc5 Nf6 20. Rfc1 Nd7 21. R5c2 Nb6 22. b4 Rfc8 23. b5 Bd5 24. Rxc8+ Rxc8 25. Rxc8+ Nxc8 26. a4 Kf8 27. Bf4 b6 28. Bc2 Ke7 29. f3 Kd7 30. Kf2 Bc4 31. Bd2 Ne7 32. Bb4 h5 33. Bxe7 Kxe7 34. Ke3 1/2-1/2

[Event "Kiev Independence Cup-B 7th"]
[Site "Kiev"]
[Date "2007.08.08"]
[Round "6"]
[White "Gordiyenko, Anna"]
[Black "Mazurchak, Bogdan"]
[Result "0-1"]
[WhiteElo "2087"]
[BlackElo "2206"]
[PlyCount "54"]
[EventDate "2007.08.03"]
[EventType "swiss"]
[EventRounds "9"]
[EventCountry "UKR"]
[SourceTitle "EXT 2023"]
[Source "ChessBase"]
[SourceDate "2022.10.05"]
[SourceVersion "1"]
[SourceVersionDate "2022.10.05"]
[SourceQuality "1"]

1. d4 Nf6 2. Nf3 e6 3. e3 b6 4. Nbd2 Bb7 5. Bd3 d5 6. 0-0 Be7 7. c4 0-0 8. b3 Nbd7 9. Bb2 c5 10. Qc2 Rc8 11. Ne5 cxd4 12. exd4 dxc4 13. bxc4 b5 14. Qb3 bxc4 15. Ndxc4 Bd5 16. Rfc1 Ne4 17. Qa4 Nxe5 18. Nxe5 Qb6 19. Rxc8 Rxc8 20. Rc1 Rxc1+ 21. Bxc1 Nf6 22. Bg5 Qb4 23. Qxa7 Ne4 24. Bh4 f6 25. f3 fxe5 26. Qxe7 Qxd4+ 27. Kh1 Qa1+ 0-1